Εκτίμηση οικολογικής κατάστασης και εφαρμογή μεθόδων διαχείρισης σε υγροτοπικά υφάλμυρα συστήματα του κόλπου Καλλονής Λέσβου : μεταπτυχιακή διατριβή

Αποθηκεύτηκε σε:
Λεπτομέρειες βιβλιογραφικής εγγραφής
Κύριος συγγραφέας: Βασιλειάδη, Φωτεινή
Συγγραφή απο Οργανισμό/Αρχή: Πανεπιστήμιο Αιγαίου Σχολή Περιβάλλοντος Τμήμα Επιστημών της Θάλασσας Πρόγραμμα Μεταπτυχιακών Σπουδών Διαχείριση Παράκτιων Περιοχών
Άλλοι συγγραφείς: Κουτσούμπας, Δρόσος (Εισηγητής διατριβής)
Μορφή: Thesis Βιβλίο
Γλώσσα:Greek
Δημοσίευση: Μυτιλήνη : Πανεπιστήμιο Αιγαίου, Τμήμα Επιστημών της Θάλασσας, Μεταπτυχιακό Πρόγραμμα Σπουδών Διαχείριση Παράκτιων Περιοχών, 2006
Θέματα:
Ετικέτες: Προσθήκη ετικέτας
Δεν υπάρχουν, Καταχωρήστε ετικέτα πρώτοι!

MARC

LEADER 00000cam a2200000 i 4500
001 1/29563
008 060516s2006 gre d
035 |l 10083930 
040 |a GR-MY-UA  |b gre  |e aacr 
041 0 |a gre 
082 0 |a 333.7  |2 (22) 
100 1 |a Βασιλειάδη, Φωτεινή. 
245 1 0 |a Εκτίμηση οικολογικής κατάστασης και εφαρμογή μεθόδων διαχείρισης σε υγροτοπικά υφάλμυρα συστήματα του κόλπου Καλλονής Λέσβου :  |b μεταπτυχιακή διατριβή /  |c Βασιλειάδη Φωτεινή ; υπεύθυνος καθηγητής Κουτσούμπας Δρόσος 
260 |a Μυτιλήνη :   |b Πανεπιστήμιο Αιγαίου, Τμήμα Επιστημών της Θάλασσας, Μεταπτυχιακό Πρόγραμμα Σπουδών Διαχείριση Παράκτιων Περιοχών,   |c 2006 
300 |a 106 σ.;  |b χάρτες, πιν., διαγρ.;  |c 30 εκ. 
502 # # |a Διατριβή (μεταπτυχιακή) – Πανεπιστήμιο Αιγαίου, Λέσβος, 2004. 
504 |a Βιβλιογραφία: 98-106 
650 0 0 |a Wetland ecology  |z Greece  |z Kallone (Lesbos Island) 
650 0 0 |a Wetland management  |z Greece  |z Kallone (Lesbos Island) 
650 0 0 |a Environmental management  |z Greece  |z Kallone (Lesbos Island) 
650 0 0 |a Dissertations, Academic  |z Greece. 
700 1 |4 ths  |a Κουτσούμπας, Δρόσος. 
710 2 |a Πανεπιστήμιο Αιγαίου  |b Σχολή Περιβάλλοντος  |b Τμήμα Επιστημών της Θάλασσας  |b Πρόγραμμα Μεταπτυχιακών Σπουδών Διαχείριση Παράκτιων Περιοχών. 
852 |a INST  |b LESVOS  |c DIATR  |e 20060516  |h 55  |p 005100035353  |q 005100035353  |t MTXE  |y 23 
852 |a INST  |b LESVOS  |c DIATR  |e 20060516  |h 56  |p 005100035321  |q 005100035321  |t MTXE  |y 23 
901 |a BIBL1-2006-2 
909 |a Λ  |b 126316 
909 |a Λ  |b 126315 
924 |a ΒΑΣΙΛΕΙΑΔΗ  |b ΦΩΤΕΙΝΗ  |y ΛΕΣΒΟΣ  |z 2006-06 
970 |a ΜΑΡΙΝΑΤΟΥ  |b ΜΥΡΣΙΝΗ  |z 2006/05/16